[Event "GBR-ch111 Over 65"]
[Site "Liverpool"]
[Date "2025.08.09"]
[Round "6.22"]
[White "Wilson, Edgar"]
[Black "Campbell, Ian"]
[Result "1-0"]
[WhiteElo "1866"]
[BlackElo "1952"]
[PlyCount "53"]
[EventDate "2025.08.04"]
[EventType "swiss"]
[EventRounds "7"]
[EventCountry "GBR"]
[SourceTitle "BritBase"]
[Source "John Saunders"]
[SourceDate "2025.08.11"]
[SourceVersion "1"]
[SourceVersionDate "2025.08.11"]
[SourceQuality "1"]

1. e4 g6 2. d4 Bg7 3. c4 d6 4. Nc3 Nc6 5. Be3 e5 6. d5 Nce7 7. Qd2 f5 8. f3 f4 9. Bf2 h6 10. Nge2 Nf6 11. Nc1 b6 12. Nd3 a5 13. Be2 Ba6 14. b3 Nd7 15. O-O g5 16. a3 Ng6 17. Nb5 O-O 18. b4 Rf7 19. a4 axb4 20. Qxb4 Bf8 21. a5 Nc5 22. axb6 cxb6 23. Rfb1 Bb7 24. Nc3 Ra6 25. Rxa6 Bxa6 26. Qxb6 Qxb6 27. Rxb6 1-0

[Event "GBR-ch111 Over 65"]
[Site "Liverpool"]
[Date "2025.08.09"]
[Round "6.23"]
[White "Gregg, Alan M"]
[Black "Kane, Robert"]
[Result "1-0"]
[WhiteElo "1930"]
[BlackElo "1834"]
[PlyCount "137"]
[EventDate "2025.08.04"]
[EventType "swiss"]
[EventRounds "7"]
[EventCountry "GBR"]
[SourceTitle "BritBase"]
[Source "John Saunders"]
[SourceDate "2025.08.11"]
[SourceVersion "1"]
[SourceVersionDate "2025.08.11"]
[SourceQuality "1"]

1. Nf3 d5 2. a3 Nf6 3. c4 g6 4. e3 Bg7 5. d4 O-O 6. Nc3 c6 7. Bd3 a6 8. c5 Nfd7 9. b4 e5 10. dxe5 a5 11. Bb2 axb4 12. axb4 Rxa1 13. Qxa1 Nxe5 14. Nxe5 Bxe5 15. Ne2 Bxb2 16. Qxb2 b6 17. O-O bxc5 18. bxc5 Ba6 19. Bxa6 Nxa6 20. Rc1 Nc7 21. Qb6 Ne6 22. Qxc6 d4 23. exd4 Nxd4 24. Nxd4 Qxd4 25. Qf3 Re8 26. h3 Qd2 27. Qd1 Qxd1+ 28. Rxd1 Rc8 29. Rc1 Kf8 30. Kf1 Ke7 31. Ke2 Ke6 32. Ke3 Kd5 33. Rd1+ Ke6 34. Rc1 Kd5 35. Kf4 f6 36. Rd1+ Ke6 37. Rd6+ Ke7 38. Rd5 Rc6 39. Ke4 Re6+ 40. Kd3 h5 41. g4 hxg4 42. hxg4 Ra6 43. Rd4 Ra3+ 44. Ke4 Rc3 45. Kd5 Kd7 46. f4 Re3 47. Ra4 Rg3 48. Ra7+ Kd8 49. Kd6 Rd3+ 50. Ke6 f5 51. gxf5 gxf5 52. Ra8+ Kc7 53. Kxf5 Rd5+ 54. Ke6 Rxc5 55. f5 Rc1 56. Kf7 Kd7 57. f6 Rf1 58. Ra7+ Kd8 59. Re7 Rf2 60. Re5 Ra2 61. Rd5+ Kc7 62. Ke7 Re2+ 63. Kf8 Kc6 64. Rd4 Re1 65. f7 Rg1 66. Ke7 Re1+ 67. Kf6 Rf1+ 68. Kg6 Rf2 69. Rd8 1-0

[Event "GBR-ch111 Over 65"]
[Site "Liverpool"]
[Date "2025.08.09"]
[Round "6.24"]
[White "Spanton, Tim R"]
[Black "Goodwin, Ed H"]
[Result "1-0"]
[WhiteElo "1982"]
[BlackElo "1827"]
[PlyCount "77"]
[EventDate "2025.08.04"]
[EventType "swiss"]
[EventRounds "7"]
[EventCountry "GBR"]
[SourceTitle "BritBase"]
[Source "John Saunders"]
[SourceDate "2025.08.11"]
[SourceVersion "1"]
[SourceVersionDate "2025.08.11"]
[SourceQuality "1"]

1. e4 e6 2. d4 d5 3. exd5 exd5 4. Nf3 Bd6 5. c4 c6 6. Nc3 Ne7 7. c5 Bc7 8. Bd3 Bf5 9. O-O O-O 10. Bg5 f6 11. Bh4 Qd7 12. Re1 Bxd3 13. Qxd3 Ng6 14. Re3 Na6 15. a3 Rae8 16. Rae1 Bf4 17. R3e2 Kf7 18. b4 Rxe2 19. Rxe2 Re8 20. Bg3 Rxe2 21. Nxe2 Bxg3 22. Nxg3 Nc7 23. h4 Kg8 24. h5 Ne7 25. Qe3 Nf5 26. Nxf5 Qxf5 27. Qe7 Qf4 28. Qd8+ Kf7 29. Qd7+ Kg8 30. Qc8+ Kf7 31. Qxb7 Qc1+ 32. Kh2 Qf4+ 33. Kh1 g5 34. Qxc6 g4 35. Ne5+ fxe5 36. Qxc7+ Kf8 37. Qxe5 Qxf2 38. Qd6+ Kg7 39. Qd7+ 1-0

[Event "GBR-ch111 Over 65"]
[Site "Liverpool"]
[Date "2025.08.09"]
[Round "6.25"]
[White "Erdogan, Hassan"]
[Black "Dilleigh, Stephen P"]
[Result "0-1"]
[WhiteElo "1792"]
[BlackElo "2048"]
[PlyCount "82"]
[EventDate "2025.08.04"]
[EventType "swiss"]
[EventRounds "7"]
[EventCountry "GBR"]
[SourceTitle "BritBase"]
[Source "John Saunders"]
[SourceDate "2025.08.11"]
[SourceVersion "1"]
[SourceVersionDate "2025.08.11"]
[SourceQuality "1"]

1. d4 d5 2. Nf3 Nf6 3. e3 e6 4. Bd3 c5 5. b3 Nc6 6. Nbd2 Bd6 7. Bb2 O-O 8. O-O b6 9. a3 Bb7 10. c4 cxd4 11. exd4 Rc8 12. Re1 Ne7 13. Ne5 Ng6 14. Nxg6 hxg6 15. Be2 Rc7 16. Bf3 Qd7 17. b4 dxc4 18. Bxb7 c3 19. Bxc3 Rxc3 20. Ne4 Nxe4 21. Bxe4 Qc7 22. g3 Rd8 23. Qa4 a5 24. Rab1 Qd7 25. Qxd7 Rxd7 26. Re3 axb4 27. axb4 Rc4 28. b5 Rxd4 29. Ra1 Rd8 30. Ra7 Bc5 31. Re2 R4d7 32. Rxd7 Rxd7 33. Kg2 f5 34. Bc6 Rd6 35. f4 Kf7 36. h3 Kf6 37. Kf3 g5 38. g4 Rd3+ 39. Kg2 gxf4 40. g5+ Ke7 41. Ra2 Rg3+ 0-1

[Event "GBR-ch111 Over 65"]
[Site "Liverpool"]
[Date "2025.08.09"]
[Round "6.26"]
[White "Marks, Ian A"]
[Black "Sage, Geoffrey W"]
[Result "1-0"]
[WhiteElo "1904"]
[BlackElo "1960"]
[PlyCount "107"]
[EventDate "2025.08.04"]
[EventType "swiss"]
[EventRounds "7"]
[EventCountry "GBR"]
[SourceTitle "BritBase"]
[Source "John Saunders"]
[SourceDate "2025.08.11"]
[SourceVersion "1"]
[SourceVersionDate "2025.08.11"]
[SourceQuality "1"]

1. d4 Nf6 2. Nc3 d5 3. Bf4 b6 4. e3 e6 5. Nb5 Na6 6. c4 Bb4+ 7. Nc3 O-O 8. Bg5 Bb7 9. Nf3 h6 10. Bh4 c5 11. a3 Bxc3+ 12. bxc3 Nc7 13. Bd3 dxc4 14. Bxc4 b5 15. Be2 c4 16. O-O Ncd5 17. Qc2 Qa5 18. Rfc1 g5 19. Bg3 Ne7 20. Nd2 Nf5 21. a4 Nxg3 22. hxg3 Rfc8 23. axb5 Qxb5 24. Rcb1 Qd7 25. Bf3 Bxf3 26. Nxf3 Qd5 27. Nd2 a5 28. Ra4 Ng4 29. e4 Qd8 30. Nxc4 Rc6 31. f3 Qc7 32. Qa2 Rc8 33. fxg4 Rxc4 34. Rxc4 Qxc4 35. Qxc4 Rxc4 36. Rc1 a4 37. Kf2 a3 38. Ke3 a2 39. Kd3 Ra4 40. Ra1 Kf8 41. Kc2 Ke7 42. Kb3 Ra6 43. Rxa2 Rb6+ 44. Kc2 Rb7 45. c4 Rb4 46. Kc3 Rb1 47. d5 Re1 48. Kd4 Rd1+ 49. Kc5 exd5 50. exd5 Rd3 51. Ra7+ Ke8 52. Kd6 f6 53. c5 Rxg3 54. c6 1-0

[Event "GBR-ch111 Over 65"]
[Site "Liverpool"]
[Date "2025.08.09"]
[Round "6.27"]
[White "Kelly, Ian G"]
[Black "Robinson, David"]
[Result "1-0"]
[WhiteElo "1953"]
[BlackElo "1784"]
[PlyCount "113"]
[EventDate "2025.08.04"]
[EventType "swiss"]
[EventRounds "7"]
[EventCountry "GBR"]
[SourceTitle "BritBase"]
[Source "John Saunders"]
[SourceDate "2025.08.11"]
[SourceVersion "1"]
[SourceVersionDate "2025.08.11"]
[SourceQuality "1"]

1. Nf3 Nf6 2. c4 d6 3. g3 e5 4. d3 c6 5. Bg2 Be7 6. Nc3 O-O 7. O-O Re8 8. b4 a6 9. a4 d5 10. cxd5 Bxb4 11. Qb3 Bxc3 12. Qxc3 Nxd5 13. Qb3 a5 14. Ng5 Qd7 15. Rb1 h6 16. Ne4 Na6 17. Ba3 Ndb4 18. Rfc1 Qe7 19. Rc3 Be6 20. Qb2 Rab8 21. Rbc1 Qc7 22. Nc5 Nxc5 23. Rxc5 Na6 24. R5c3 Qd8 25. Rb1 Qd4 26. e3 Qd7 27. Qb6 Qd8 28. Rb2 Qxb6 29. Rxb6 Red8 30. Kf1 f6 31. Ke2 Kf7 32. Bxc6 bxc6 33. Rxa6 Bb3 34. Rxa5 Rdc8 35. Ra7+ Kg6 36. a5 Ba4 37. e4 Ra8 38. Bc5 Bb5 39. Rxa8 Rxa8 40. Bb6 Rd8 41. Ke3 Rd7 42. f4 exf4+ 43. gxf4 Kf7 44. d4 g6 45. Rc5 Ba6 46. Rxc6 Bb7 47. Rc7 Rxc7 48. Bxc7 g5 49. d5 f5 50. d6 Ke8 51. exf5 g4 52. f6 Bc8 53. Kf2 h5 54. Kg3 Bb7 55. Kh4 Bc6 56. Kxh5 Kf7 57. Kg5 1-0

[Event "GBR-ch111 Over 65"]
[Site "Liverpool"]
[Date "2025.08.09"]
[Round "6.28"]
[White "Collins, Nigel"]
[Black "Armstrong, William G"]
[Result "1-0"]
[WhiteElo "1589"]
[BlackElo "1875"]
[PlyCount "55"]
[EventDate "2025.08.04"]
[EventType "swiss"]
[EventRounds "7"]
[EventCountry "GBR"]
[SourceTitle "BritBase"]
[Source "John Saunders"]
[SourceDate "2025.08.11"]
[SourceVersion "1"]
[SourceVersionDate "2025.08.11"]
[SourceQuality "1"]

1. c4 Nf6 2. Nc3 g6 3. g3 Bg7 4. Bg2 O-O 5. e4 d6 6. Nge2 e5 7. O-O c5 8. d3 a6 9. h3 Bd7 10. a4 Nc6 11. f4 Qc8 12. Kh2 Rb8 13. g4 Nb4 14. f5 gxf5 15. gxf5 Kh8 16. Ng3 Rg8 17. Bg5 Qf8 18. Qd2 h6 19. Be3 Kh7 20. Bf3 Rh8 21. Rg1 h5 22. Nxh5 Nxh5 23. Bxh5 Bh6 24. Bxh6 Qxh6 25. Qxh6+ Kxh6 26. Bxf7 Nxd3 27. Rg6+ Kh7 28. Rag1 1-0

[Event "GBR-ch111 Over 65"]
[Site "Liverpool"]
[Date "2025.08.09"]
[Round "6.29"]
[White "Moore, Gerald"]
[Black "Walkowiak, Adam"]
[Result "1-0"]
[WhiteElo "1928"]
[BlackElo "1657"]
[PlyCount "43"]
[EventDate "2025.08.04"]
[EventType "swiss"]
[EventRounds "7"]
[EventCountry "GBR"]
[SourceTitle "BritBase"]
[Source "John Saunders"]
[SourceDate "2025.08.11"]
[SourceVersion "1"]
[SourceVersionDate "2025.08.11"]
[SourceQuality "1"]

1. c4 e5 2. a3 b6 3. Nf3 Nc6 4. Nc3 Nf6 5. e3 Bb7 6. d3 a5 7. Be2 d5 8. cxd5 Nxd5 9. O-O Be7 10. Qc2 O-O 11. Bd2 f5 12. Qb3 a4 13. Qxd5+ Qxd5 14. Nxd5 Bd6 15. e4 Na5 16. Bxa5 Rxa5 17. Nc3 fxe4 18. dxe4 Kh8 19. Rad1 h6 20. Nh4 Rf7 21. Bc4 Rf4 22. Ng6+ 1-0

[Event "GBR-ch111 Over 65"]
[Site "Liverpool"]
[Date "2025.08.09"]
[Round "6.30"]
[White "Ewart, Brian R"]
[Black "O'Mahoney, Mike J"]
[Result "1-0"]
[WhiteElo "1906"]
[BlackElo "1780"]
[PlyCount "61"]
[EventDate "2025.08.04"]
[EventType "swiss"]
[EventRounds "7"]
[EventCountry "GBR"]
[SourceTitle "BritBase"]
[Source "John Saunders"]
[SourceDate "2025.08.11"]
[SourceVersion "1"]
[SourceVersionDate "2025.08.11"]
[SourceQuality "1"]

1. d4 d5 2. Nf3 Bf5 3. c4 e6 4. Qb3 Nc6 5. Bd2 Rb8 6. e3 Bxb1 7. Rxb1 Nf6 8. Bd3 Be7 9. O-O a6 10. Rbc1 O-O 11. cxd5 exd5 12. Qc2 Ra8 13. Ne5 Nxe5 14. dxe5 Ng4 15. f4 d4 16. Bxh7+ Kh8 17. Rf3 dxe3 18. Be1 e2 19. Rh3 Qd4+ 20. Kh1 Nh6 21. Be4 c6 22. Qxe2 Rad8 23. Bc3 Qa4 24. b3 Qa3 25. Rf1 Bb4 26. Bb2 Qa5 27. Rxh6+ gxh6 28. Qh5 Kg7 29. e6+ Bc3 30. Qxa5 Bxb2 31. e7 1-0

[Event "GBR-ch111 Over 65"]
[Site "Liverpool"]
[Date "2025.08.09"]
[Round "6.31"]
[White "Pugh, Glyn D"]
[Black "Hawkins, James N"]
[Result "1-0"]
[WhiteElo "1824"]
[BlackElo "1908"]
[PlyCount "67"]
[EventDate "2025.08.04"]
[EventType "swiss"]
[EventRounds "7"]
[EventCountry "GBR"]
[SourceTitle "BritBase"]
[Source "John Saunders"]
[SourceDate "2025.08.11"]
[SourceVersion "1"]
[SourceVersionDate "2025.08.11"]
[SourceQuality "1"]

1. d4 Nf6 2. c4 e6 3. Nc3 Bb4 4. Qc2 c5 5. dxc5 Bxc5 6. Nf3 Nc6 7. a3 a5 8. Bg5 h6 9. Bh4 g5 10. Bg3 Nh5 11. e3 Nxg3 12. hxg3 b6 13. Ne4 Be7 14. Qc3 Rh7 15. g4 f5 16. gxf5 exf5 17. Ng3 Bf6 18. Qc2 d6 19. Bd3 Ne7 20. Nd4 Bxd4 21. exd4 Ra7 22. O-O-O Rc7 23. Rde1 Kf8 24. Kb1 Qd7 25. f4 gxf4 26. Nh5 Rf7 27. Nxf4 Rf6 28. d5 Qe8 29. Qd2 Qf7 30. Ne6+ Bxe6 31. Rxe6 Rxe6 32. dxe6 Qxe6 33. Rxh6 Qd7 34. Rf6+ 1-0

[Event "GBR-ch111 Over 65"]
[Site "Liverpool"]
[Date "2025.08.09"]
[Round "6.32"]
[White "Marshall, Michael O"]
[Black "Hall, Alan A"]
[Result "1-0"]
[WhiteElo "1886"]
[BlackElo "1824"]
[PlyCount "53"]
[EventDate "2025.08.04"]
[EventType "swiss"]
[EventRounds "7"]
[EventCountry "GBR"]
[SourceTitle "BritBase"]
[Source "John Saunders"]
[SourceDate "2025.08.11"]
[SourceVersion "1"]
[SourceVersionDate "2025.08.11"]
[SourceQuality "1"]

1. d4 Nf6 2. Bf4 d5 3. e3 e6 4. Nd2 c5 5. c3 Nc6 6. Bd3 Bd6 7. Bg3 O-O 8. Ngf3 b6 9. e4 Bxg3 10. hxg3 dxe4 11. Nxe4 h6 12. dxc5 bxc5 13. Nxc5 Qe7 14. Ne4 Rd8 15. Qe2 Rb8 16. O-O Rb6 17. Rfd1 Bd7 18. Rd2 Rdb8 19. Rad1 Nd5 20. c4 Nc7 21. c5 Rb4 22. a3 Nd4 23. Nxd4 Rxd4 24. Nd6 Ba4 25. Nf5 Qxc5 26. Nxd4 Bxd1 27. Qxd1 1-0

[Event "GBR-ch111 Over 65"]
[Site "Liverpool"]
[Date "2025.08.09"]
[Round "6.33"]
[White "Butterworth, Joe W"]
[Black "Stephens, Ian Paul"]
[Result "1-0"]
[WhiteElo "1692"]
[BlackElo "1877"]
[PlyCount "49"]
[EventDate "2025.08.04"]
[EventType "swiss"]
[EventRounds "7"]
[EventCountry "GBR"]
[SourceTitle "BritBase"]
[Source "John Saunders"]
[SourceDate "2025.08.11"]
[SourceVersion "1"]
[SourceVersionDate "2025.08.11"]
[SourceQuality "1"]

1. c4 Nf6 2. Nc3 g6 3. g3 Bg7 4. Bg2 O-O 5. Nf3 d6 6. O-O Nbd7 7. d4 a6 8. a4 Rb8 9. h3 c5 10. d5 Nb6 11. Qd3 Bd7 12. a5 Na8 13. Re1 b5 14. e4 Qc8 15. e5 bxc4 16. Qxc4 Rb4 17. Qd3 Ne8 18. Kh2 h6 19. Qc2 Bf5 20. Qe2 dxe5 21. Nxe5 Kh7 22. Nc6 Rb7 23. Nxe7 Rxe7 24. Qxe7 Bf6 25. Qxf8 1-0

[Event "GBR-ch111 Over 65"]
[Site "Liverpool"]
[Date "2025.08.09"]
[Round "6.34"]
[White "Phillips, William"]
[Black "Barnes, David"]
[Result "1/2-1/2"]
[WhiteElo "1832"]
[BlackElo "1758"]
[PlyCount "29"]
[EventDate "2025.08.04"]
[EventType "swiss"]
[EventRounds "7"]
[EventCountry "GBR"]
[SourceTitle "BritBase"]
[Source "John Saunders"]
[SourceDate "2025.08.11"]
[SourceVersion "1"]
[SourceVersionDate "2025.08.11"]
[SourceQuality "1"]

1. d4 c5 2. d5 Nf6 3. c4 b5 4. Nf3 bxc4 5. Nc3 d6 6. e4 Nbd7 7. Bxc4 g6 8. O-O Bg7 9. Re1 O-O 10. h3 Nb6 11. Bf1 Bb7 12. Bf4 Nfd7 13. Qc2 a5 14. Rad1 Nc8 15. Bb5 1/2-1/2

[Event "GBR-ch111 Over 65"]
[Site "Liverpool"]
[Date "2025.08.09"]
[Round "6.35"]
[White "Jerome, Stellio"]
[Black "Mak, Janos"]
[Result "1-0"]
[WhiteElo "1669"]
[BlackElo "1804"]
[PlyCount "81"]
[EventDate "2025.08.04"]
[EventType "swiss"]
[EventRounds "7"]
[EventCountry "GBR"]
[SourceTitle "BritBase"]
[Source "John Saunders"]
[SourceDate "2025.08.11"]
[SourceVersion "1"]
[SourceVersionDate "2025.08.11"]
[SourceQuality "1"]

1. f4 e5 2. fxe5 d6 3. exd6 Bxd6 4. Nf3 g5 5. g3 g4 6. Nh4 Ne7 7. d4 Ng6 8. Ng2 h5 9. Qd3 h4 10. Qe4+ Qe7 11. Qxe7+ Bxe7 12. Bf4 Nxf4 13. gxf4 Bd6 14. e4 h3 15. Ne3 c6 16. e5 Be7 17. Nc3 Bh4+ 18. Kd2 g3 19. hxg3 Bxg3 20. f5 h2 21. Bd3 Bf4 22. Raf1 Bg3 23. Rf3 Bh4 24. Ne4 Nd7 25. Kc1 Be7 26. Rf2 Nb6 27. Rfxh2 Rf8 28. f6 Bd8 29. Rh8 Rxh8 30. Rxh8+ Kd7 31. Nd6 Nd5 32. Nxd5 cxd5 33. Bf5+ Kc7 34. Nb5+ Kb6 35. Rxd8 Bxf5 36. Rxa8 Kxb5 37. Rxa7 Kb6 38. Ra3 Be6 39. Rc3 Kb5 40. Rc7 Kb6 41. Re7 1-0

[Event "GBR-ch111 Over 65"]
[Site "Liverpool"]
[Date "2025.08.09"]
[Round "6.36"]
[White "Dennis, Nigel W"]
[Black "Lawrence, Roy A"]
[Result "1-0"]
[WhiteElo "1824"]
[BlackElo "1693"]
[PlyCount "49"]
[EventDate "2025.08.04"]
[EventType "swiss"]
[EventRounds "7"]
[EventCountry "GBR"]
[SourceTitle "BritBase"]
[Source "John Saunders"]
[SourceDate "2025.08.11"]
[SourceVersion "1"]
[SourceVersionDate "2025.08.11"]
[SourceQuality "1"]

1. e4 g6 2. d4 Bg7 3. Nf3 d6 4. c4 Nf6 5. Nc3 c6 6. Be2 O-O 7. O-O Nbd7 8. h3 e5 9. Be3 Qc7 10. d5 b6 11. dxc6 Qxc6 12. Nd5 Nxd5 13. cxd5 Qc7 14. Rc1 Qb8 15. Qc2 Bb7 16. b4 Rc8 17. Qa4 Nf6 18. Nd2 Rxc1 19. Rxc1 Bc8 20. Bb5 a6 21. Bc6 b5 22. Qa5 Bd7 23. Bxa8 Qxa8 24. Qc7 Bf8 25. Bg5 1-0

[Event "GBR-ch111 Over 65"]
[Site "Liverpool"]
[Date "2025.08.09"]
[Round "6.37"]
[White "Tidmarsh, David A"]
[Black "Clissold, Julian C"]
[Result "1/2-1/2"]
[WhiteElo "1776"]
[BlackElo "1654"]
[PlyCount "82"]
[EventDate "2025.08.04"]
[EventType "swiss"]
[EventRounds "7"]
[EventCountry "GBR"]
[SourceTitle "BritBase"]
[Source "John Saunders"]
[SourceDate "2025.08.11"]
[SourceVersion "1"]
[SourceVersionDate "2025.08.11"]
[SourceQuality "1"]

1. e4 e6 2. d4 d5 3. Nd2 dxe4 4. Nxe4 Bd7 5. Nf3 Bc6 6. Bd3 Nd7 7. O-O Ngf6 8. Nc3 Bd6 9. h3 h6 10. Re1 O-O 11. Ne5 Bxe5 12. dxe5 Nd5 13. Qg4 Kh8 14. Nxd5 Bxd5 15. c4 Bc6 16. Bc2 Qe7 17. f4 Rae8 18. Be3 f5 19. Qg3 Nc5 20. Kh1 Ne4 21. Bxe4 Bxe4 22. a3 b6 23. Red1 Rd8 24. Qf2 Rd3 25. Rxd3 Bxd3 26. c5 Rd8 27. cxb6 cxb6 28. Rc1 Be4 29. Kh2 Kh7 30. Bd2 g5 31. Bb4 Qg7 32. Bd6 Rd7 33. fxg5 hxg5 34. g3 Kg6 35. h4 Qh6 36. Rc7 Rxc7 37. Bxc7 gxh4 38. gxh4 Qc1 39. Qg1+ Qxg1+ 40. Kxg1 Kh5 41. Bd8 b5 1/2-1/2

[Event "GBR-ch111 Over 65"]
[Site "Liverpool"]
[Date "2025.08.09"]
[Round "6.38"]
[White "Stinson, William James"]
[Black "Wright, George A"]
[Result "1/2-1/2"]
[WhiteElo "1720"]
[BlackElo "1540"]
[PlyCount "44"]
[EventDate "2025.08.04"]
[EventType "swiss"]
[EventRounds "7"]
[EventCountry "GBR"]
[SourceTitle "BritBase"]
[Source "John Saunders"]
[SourceDate "2025.08.11"]
[SourceVersion "1"]
[SourceVersionDate "2025.08.11"]
[SourceQuality "1"]

1. e4 c6 2. Nc3 d5 3. Nf3 dxe4 4. Nxe4 Bg4 5. h3 Bxf3 6. Qxf3 e6 7. Bc4 Nf6 8. Nxf6+ Qxf6 9. Qxf6 gxf6 10. c3 b5 11. Bb3 Nd7 12. d4 Bg7 13. O-O f5 14. f4 h5 15. Be3 a6 16. a4 Ke7 17. c4 Nf6 18. d5 exd5 19. Bc5+ Kd7 20. cxd5 Ne4 21. dxc6+ Kxc6 22. Be3 Bxb2 1/2-1/2

[Event "GBR-ch111 Over 65"]
[Site "Liverpool"]
[Date "2025.08.10"]
[Round "7.2"]
[White "Lewis, Andrew P"]
[Black "Brooks, Phil J"]
[Result "1-0"]
[WhiteElo "2242"]
[BlackElo "2127"]
[PlyCount "39"]
[EventDate "2025.08.04"]
[EventType "swiss"]
[EventRounds "7"]
[EventCountry "GBR"]
[SourceTitle "BritBase"]
[Source "John Saunders"]
[SourceDate "2025.08.11"]
[SourceVersion "1"]
[SourceVersionDate "2025.08.11"]
[SourceQuality "1"]

1. c4 e6 2. Nf3 d5 3. d4 c6 4. g3 Nd7 5. Bg2 Bb4+ 6. Nc3 dxc4 7. O-O Ngf6 8. Qc2 O-O 9. Rd1 Qe7 10. a3 Bd6 11. Nd2 e5 12. Nxc4 exd4 13. Rxd4 Bc5 14. Rh4 Ne5 15. Nxe5 Qxe5 16. Bf4 Qe7 17. Bg5 h6 18. Bxf6 gxf6 19. Ne4 Bb6 20. Qd2 1-0

[Event "GBR-ch111 Over 65"]
[Site "Liverpool"]
[Date "2025.08.10"]
[Round "7.3"]
[White "Page, Mark Edward"]
[Black "Chapman, Terry P D"]
[Result "1/2-1/2"]
[WhiteElo "2025"]
[BlackElo "2263"]
[PlyCount "48"]
[EventDate "2025.08.04"]
[EventType "swiss"]
[EventRounds "7"]
[EventCountry "GBR"]
[SourceTitle "BritBase"]
[Source "John Saunders"]
[SourceDate "2025.08.11"]
[SourceVersion "1"]
[SourceVersionDate "2025.08.11"]
[SourceQuality "1"]

1. e4 c6 2. d4 d5 3. Nd2 dxe4 4. Nxe4 Bf5 5. Ng3 Bg6 6. Nf3 Nd7 7. h4 h6 8. h5 Bh7 9. Bd3 Bxd3 10. Qxd3 e6 11. Bd2 Ngf6 12. O-O-O Be7 13. Kb1 c5 14. dxc5 Nxc5 15. Qb5+ Qd7 16. Qxd7+ Ncxd7 17. Rhe1 O-O 18. Bc3 Rfd8 19. a3 Kf8 20. Ne5 Nxe5 21. Bxe5 Ng4 22. Bd4 e5 23. Bc3 Bh4 24. Rxd8+ Rxd8 1/2-1/2

[Event "GBR-ch111 Over 65"]
[Site "Liverpool"]
[Date "2025.08.10"]
[Round "7.4"]
[White "Varley, Peter"]
[Black "Hughes, Roy"]
[Result "1-0"]
[WhiteElo "2117"]
[BlackElo "2019"]
[PlyCount "61"]
[EventDate "2025.08.04"]
[EventType "swiss"]
[EventRounds "7"]
[EventCountry "GBR"]
[SourceTitle "BritBase"]
[Source "John Saunders"]
[SourceDate "2025.08.11"]
[SourceVersion "1"]
[SourceVersionDate "2025.08.11"]
[SourceQuality "1"]

1. c4 c6 2. e4 d5 3. exd5 cxd5 4. cxd5 Nf6 5. Bb5+ Bd7 6. Bc4 b5 7. Bb3 Na6 8. d4 Nc7 9. Nf3 Ncxd5 10. Ne5 e6 11. O-O Be7 12. Nc3 Nxc3 13. bxc3 Rc8 14. Bd2 O-O 15. Qf3 Qc7 16. Rfe1 Bc6 17. Nxc6 Qxc6 18. Qxc6 Rxc6 19. d5 Nxd5 20. Bxd5 Rd6 21. c4 Rd7 22. Rxe6 Rxd5 23. Rxe7 Rxd2 24. cxb5 Ra8 25. a4 Kf8 26. Rc7 Rb2 27. Rb7 Rd2 28. g3 a6 29. Rc1 Rd6 30. Rcc7 Rf6 31. bxa6 1-0

[Event "GBR-ch111 Over 65"]
[Site "Liverpool"]
[Date "2025.08.10"]
[Round "7.5"]
[White "Hodge, Steve R"]
[Black "Kennaugh, Charles W"]
[Result "1/2-1/2"]
[WhiteElo "1973"]
[BlackElo "2203"]
[PlyCount "79"]
[EventDate "2025.08.04"]
[EventType "swiss"]
[EventRounds "7"]
[EventCountry "GBR"]
[SourceTitle "BritBase"]
[Source "John Saunders"]
[SourceDate "2025.08.11"]
[SourceVersion "1"]
[SourceVersionDate "2025.08.11"]
[SourceQuality "1"]

1. e4 e5 2. Nf3 Nc6 3. Bb5 a6 4. Ba4 Nf6 5. Qe2 b5 6. Bb3 Be7 7. O-O O-O 8. c3 d5 9. d3 d4 10. cxd4 Nxd4 11. Nxd4 Qxd4 12. Be3 Qd6 13. Nc3 Be6 14. Bxe6 fxe6 15. Rfd1 c5 16. Rd2 Nd7 17. a4 Qc6 18. b3 Nb6 19. axb5 axb5 20. Rxa8 Nxa8 21. Ra2 Nc7 22. h3 Bd6 23. Nd1 Na6 24. Ra1 Nb4 25. Nb2 Rf7 26. Qd2 h6 27. Rc1 Rc7 28. Ra1 Kh7 29. Qe2 Rf7 30. h4 Qe8 31. h5 Rc7 32. g3 Qc8 33. Kg2 Nc6 34. Rc1 Nd4 35. Bxd4 cxd4 36. Rxc7 Qxc7 37. Qg4 Qf7 38. Nd1 g6 39. hxg6+ Qxg6 40. Qe2 1/2-1/2

[Event "GBR-ch111 Over 65"]
[Site "Liverpool"]
[Date "2025.08.10"]
[Round "7.6"]
[White "Dawson, Jeff R"]
[Black "Pritchett, Craig W"]
[Result "0-1"]
[WhiteElo "2024"]
[BlackElo "2181"]
[PlyCount "64"]
[EventDate "2025.08.04"]
[EventType "swiss"]
[EventRounds "7"]
[EventCountry "GBR"]
[SourceTitle "BritBase"]
[Source "John Saunders"]
[SourceDate "2025.08.11"]
[SourceVersion "1"]
[SourceVersionDate "2025.08.11"]
[SourceQuality "1"]

1. e4 c5 2. c3 Nf6 3. e5 Nd5 4. d4 cxd4 5. cxd4 d6 6. Bb5+ Bd7 7. Bxd7+ Qxd7 8. Nf3 Nc6 9. O-O e6 10. Bd2 Be7 11. Nc3 Nxc3 12. Bxc3 d5 13. a3 O-O 14. Qe2 a5 15. a4 Rfc8 16. h3 Nb4 17. Rfc1 Rc6 18. g3 Rac8 19. Qd2 b6 20. Qe2 h6 21. h4 Rc4 22. Nd2 R4c7 23. Nf3 Rc4 24. Nd2 R4c6 25. Nf3 R8c7 26. Kg2 Qc8 27. Qf1 Qa6 28. Qxa6 Nxa6 29. Bd2 Nb4 30. Rxc6 Rxc6 31. Rc1 Rxc1 32. Bxc1 Nd3 0-1

[Event "GBR-ch111 Over 65"]
[Site "Liverpool"]
[Date "2025.08.10"]
[Round "7.7"]
[White "Hutchinson, Paul A"]
[Black "Granat, Russell G"]
[Result "1-0"]
[WhiteElo "2019"]
[BlackElo "2164"]
[PlyCount "60"]
[EventDate "2025.08.04"]
[EventType "swiss"]
[EventRounds "7"]
[EventCountry "GBR"]
[SourceTitle "BritBase"]
[Source "John Saunders"]
[SourceDate "2025.08.11"]
[SourceVersion "1"]
[SourceVersionDate "2025.08.11"]
[SourceQuality "1"]

1. d4 Nf6 2. Nc3 d5 3. Bf4 a6 4. e3 c5 5. dxc5 Nc6 6. a3 e5 7. Bg5 Be6 8. b4 Be7 9. Nf3 h6 10. Bh4 g5 11. Bg3 Bg4 12. Be2 Bxf3 13. Bxf3 e4 14. Be2 d4 15. exd4 Nxd4 16. Be5 Nc6 17. Bg3 h5 18. h4 gxh4 19. Bxh4 Qd4 20. Qxd4 Nxd4 21. O-O-O Nxe2+ 22. Nxe2 Ng4 23. Rd5 Rd8 24. Rxd8+ Bxd8 25. f3 Ne3 26. Bxd8 Kxd8 27. Nf4 Rg8 28. fxe4 Rg4 29. g3 Rxg3 30. Nxh5 Rg2 1-0